Mystery Country #1 - Statistics

General Stats
  • This quiz has been taken 350 times
  • The average score is 16 of 19
Answer Stats
Question Clues % Correct
Congo / Cameroon / Equatorial Guinea 2. Name a country that borders Gabon
99%
Vatican City 3. Which is the smallest country, measured by total land area?
97%
Wellington 4. What is the southernmost national capital city?
97%
The Mystery Country is not located in North America
97%
Hispaniola 5. What island is shared by Haiti and the Dominican Republic?
93%
The Mystery Country is not located in Asia
92%
Birmingham 6. What is the largest city in the Midlands region of England?
90%
The Mystery Country has 3 stripes in its flag
86%
1. What is the longest river in the US? The Mystery Country is located on the northern hemisphere
83%
Lesotho 7. What country is completely surrounded by South Africa?
82%
Dubai 8. In what city would you find the world's tallest building?
82%
The Mystery Country does not have blue in its flag
81%
The stripes in the flag of the Mystery Country are vertical
80%
Yucatán 9. On what peninsula would you find the cities of Mérida and Cancún?
79%
The Mystery Country has French as an official language
77%
The Mystery Country does not have English as an official language
69%
The Mystery Country gained independence from the Netherlands in the 19th century
60%
The Mystery Country is:
60%
Answer to Q1: Missouri Belgium
54%
No matching quizzes found
Score Distribution
Percent of People with Each Score
Percentile by Number Answered
Your Score History
You have not taken this quiz